[Event "2nd Hersonissos Open 2018"]
[Site "Hersonissos"]
[Date "2018.06.21"]
[Round "6"]
[White "Kozyris, Ilias"]
[Black "Parker, Keith"]
[Result "0-1"]
[WhiteElo "1570"]
[BlackElo "1846"]
[Annotator "NA"]
[PlyCount "110"]
[EventDate "2018.06.16"]
[EventType "swiss"]
[EventCountry "GRE"]
[SourceTitle "playchess.com"]
[Source "ChessBase"]
[SourceQuality "1"]
[TimeControl "5400+30"]

1. e4 {[%emt 0:06:04]} c6 {[%emt 0:00:05]} 2. d4 {[%emt 0:00:12]} d5 {[%emt 0:00:02]} 3. e5 {[%emt 0:00:16]} Bf5 {[%emt 0:00:03]} 4. h4 {[%emt 0:00:10]} h5 {[%emt 0:03:07]} 5. Nf3 {[%emt 0:02:16]} e6 {[%emt 0:00:38]} 6. Nc3 {[%emt 0:01:24]} Nd7 {[%emt 0:03:47]} 7. Bd3 {[%emt 0:02:02]} Ne7 {[%emt 0:02:53]} 8. Ne2 {[%emt 0:06:18]} Bxd3 {[%emt 0:01:51]} 9. Qxd3 {[%emt 0:00:02]} Nf5 {[%emt 0:00:41]} 10. Ng3 {[%emt 0:00:39]} Nxg3 {[%emt 0:00:37]} 11. fxg3 {[%emt 0:04:02]} Qa5+ {[%emt 0:03:31]} 12. c3 {[%emt 0:02:15]} Be7 {[%emt 0:02:53]} 13. O-O {[%emt 0:04:05]} Qb6 {[%emt 0:05:28]} 14. Bg5 {[%emt 0:05:55]} c5 {[%emt 0:14:37]} 15. Bxe7 {[%emt 0:04:10]} Kxe7 {[%emt 0:00:22]} 16. Ng5 {[%emt 0:02:32]} Raf8 {[%emt 0:00:53]} 17. Rxf7+ {[%emt 0:11:11]} Rxf7 {[%emt 0:04:42]} 18. Nxf7 {[%emt 0:00:16]} Kxf7 {[%emt 0:05:42]} 19. Rf1+ {[%emt 0:00:30]} Ke7 {[%emt 0:11:43]} 20. Qg6 {[%emt 0:00:37]} Kd8 {[%emt 0:00:17]} 21. Qxg7 {[%emt 0:00:23]} Re8 {[%emt 0:00:29]} 22. Rf7 {[%emt 0:01:06]} Qc6 {[%emt 0:01:15]} 23. Qg5+ {[%emt 0:00:59]} Kc8 {[%emt 0:00:19]} 24. Qxh5 {[%emt 0:01:18]} cxd4 {[%emt 0:02:18]} 25. cxd4 {[%emt 0:00:52]} Qc1+ {[%emt 0:08:23]} 26. Rf1 {[%emt 0:00:24]} Qe3+ {[%emt 0:00:32]} 27. Kh2 {[%emt 0:00:13]} Rg8 28. Rf3 {[%emt 0:00:11]} Qxd4 {[%emt 0:02:20]} 29. Rc3+ {[%emt 0:00:29]} Kd8 {[%emt 0:03:30]} 30. Qf7 {[%emt 0:04:09]} Re8 {[%emt 0:00:25]} 31. Rc8+ {[%emt 0:12:30]} Kxc8 {[%emt 0:00:14]} 32. Qxe8+ {[%emt 0:00:08]} Kc7 {[%emt 0:00:30]} 33. Qxe6 {[%emt 0:00:09]} Qxe5 {[%emt 0:01:17]} 34. Qxe5+ {[%emt 0:00:49]} Nxe5 {[%emt 0:00:06]} 35. Kg1 {[%emt 0:00:22]} Ng4 {[%emt 0:01:39]} 36. Kf1 {[%emt 0:02:21]} Kd6 {[%emt 0:00:33]} 37. Ke2 {[%emt 0:00:08]} Ke5 {[%emt 0:00:32]} 38. Kd3 {[%emt 0:01:29]} d4 {[%emt 0:04:17]} 39. b3 {[%emt 0:00:47]} b5 {[%emt 0:02:17]} 40. a3 {[%emt 0:00:00]} Nf6 {[%emt 0:00:00]} 41. Ke2 {[%emt 0:00:00]} Ke4 {[%emt 0:00:00]} 42. Kd2 {[%emt 0:00:00]} d3 {[%emt 0:00:00]} 43. a4 {[%emt 0:00:00]} b4 {[%emt 0:00:00]} 44. a5 {[%emt 0:00:00]} a6 {[%emt 0:00:00]} 45. g4 {[%emt 0:00:00]} Nxg4 {[%emt 0:00:00]} 46. h5 {[%emt 0:00:00]} Nh6 {[%emt 0:00:00]} 47. g3 {[%emt 0:00:00]} Ng4 {[%emt 0:00:00]} 48. h6 {[%emt 0:00:00]} Nxh6 {[%emt 0:00:00]} 49. g4 {[%emt 0:00:00]} Nxg4 {[%emt 0:00:00]} 50. Ke1 {[%emt 0:00:00]} Ke3 {[%emt 0:00:00]} 51. Kd1 {[%emt 0:00:00]} Nf2+ {[%emt 0:00:00]} 52. Kc1 {[%emt 0:00:00]} d2+ {[%emt 0:00:00]} 53. Kb2 {[%emt 0:00:00]} d1=Q {[%emt 0:00:00]} 54. Ka2 {[%emt 0:00:00]} Qd2+ {[%emt 0:00:00]} 55. Ka1 {[%emt 0:00:00]} Nd3 {[%emt 0:00:00]} 0-1

[Event "2nd Hersonissos Open 2018"]
[Site "Hersonissos"]
[Date "2018.06.22"]
[Round "7"]
[White "Delchev, Aleksander"]
[Black "Bit-Narva, David"]
[Result "1-0"]
[WhiteElo "2563"]
[BlackElo "1926"]
[Annotator "TA"]
[PlyCount "113"]
[EventDate "2018.06.16"]
[EventType "swiss"]
[EventCountry "GRE"]
[SourceTitle "playchess.com"]
[Source "ChessBase"]
[SourceQuality "1"]

{[%evp 24,113,35,29,65,52,70,62,73,68,109,93,94,103,100,100,95,81,106,94,95,93,161,68,146,10,53,61,144,123,122,104,104,95,177,81,147,122,239,239,247,129,163,159,163,139,140,131,170,131,131,131,131,131,131,131,131,131,131,131,131,131,145,136,139,135,141,122,135,114,252,245,238,236,245,238,269,272,264,264,260,283,256,264,274,284,275,245,444,469,448,491]} 1. e4 c5 2. Nf3 d6 3. d4 cxd4 4. Nxd4 Nc6 5. c4 Qb6 6. Nc2 g6 7. Nc3 Bg7 8. Nd5 Qd8 9. Be2 Nf6 10. Nc3 O-O 11. O-O Bd7 12. Bd2 Rc8 13. Rc1 {LiveBook: 3 Partien. B37: Sizilianisch (Maroczy-Aufbau)} (13. b3 a6 14. Rc1 Ne8 15. Bg4 e6 16. Be2 Nc7 17. Na4 Qe7 18. Be3 Rfd8 19. Nb6 Rb8 20. Qd2 Be8 {0-1 (58) Khodashenas,M (2410)-Tran,T (2537) Shiraz 2017}) 13... Qb6 14. Kh1 Ne5 15. b3 {Weiß steht etwas besser.} Bc6 16. f3 $146 {[%cal Bf2f3,Bf3f4][%mdl 32]} ({Vorgänger:} 16. f4 Ned7 17. Bf3 Nc5 18. Qe2 Rfd8 19. Rce1 Qc7 20. h3 e6 {1-0 (33) Kaphle,S (2028)-Sonnhalter,S (1372) Saarbruecken 2006}) 16... e6 17. Be3 Qc7 18. Nd4 a6 19. Qd2 Rfd8 20. Nxc6 bxc6 21. f4 Ned7 22. Bf3 e5 (22... Ne8 $16) 23. g3 (23. f5 $1 $18) 23... Nc5 {[#]} (23... exf4 $14 24. gxf4 Qa5) 24. Bg2 (24. f5 $1 $16) 24... Qe7 25. f5 $1 gxf5 ({Besser ist} 25... Ng4 $14) 26. Rxf5 Ng4 27. Rcf1 Nxe3 28. Qxe3 Rc7 (28... f6 $16) 29. Bh3 (29. Rxf7 $18 Qxf7 30. Rxf7 Rxf7 31. b4) 29... Rf8 (29... f6 $142) 30. Rh5 Ne6 (30... a5 $16 31. Bf5 h6) 31. Bf5 $18 h6 32. Qe2 (32. Rxh6 $18 Re8 33. Rh5) 32... Nd4 33. Qg4 Kh8 34. Qh3 Nxf5 35. Rhxf5 Qe6 36. Qh5 Kh7 37. Qf3 Rd7 38. Qd3 Kg8 39. Kg2 Rfd8 40. Qf3 Qg6 41. Rd1 Rb8 42. Rd3 Re8 43. h4 {[%cal Bh2h4,Bh4h5][%mdl 32]} Kh8 44. Kh2 Rg8 45. Qf1 Rc8 46. Qh3 d5 (46... Rg8 $16) 47. h5 ({Nicht} 47. cxd5 cxd5 48. h5 (48. exd5 Rdc7 $11) (48. Nxd5 Rc2+ 49. Kh1 Rc1+ 50. Kg2 Rc2+ 51. Kf3 Rxa2 $11) (48. Rxd5 Rxd5 49. Nxd5 Rc2+ 50. Kg1 Rxa2 $11) 48... Qb6 $16) 47... Qe6 48. exd5 cxd5 49. Rxd5 Rxd5 50. Nxd5 Rd8 51. Rf2 e4 52. Qxe6 fxe6 53. Nf4 e3 {[#]} 54. Re2 $1 Rd2 55. Kg2 Kh7 $2 (55... Bd4 {war angesagt.} 56. Kf3 e5) 56. Kf3 e5 57. Kxe3 {Precision: Weiß = 70%, Schwarz = 30%.} 1-0

[Event "2nd Hersonissos Open 2018"]
[Site "Hersonissos"]
[Date "2018.06.22"]
[Round "7"]
[White "Salomon, Johan"]
[Black "Lirindzakis, Timotheos"]
[Result "1/2-1/2"]
[WhiteElo "2474"]
[BlackElo "2163"]
[Annotator "TA"]
[PlyCount "85"]
[EventDate "2018.06.16"]
[EventType "swiss"]
[EventCountry "GRE"]
[SourceTitle "playchess.com"]
[Source "ChessBase"]
[SourceQuality "1"]

{[%evp 18,85,15,20,31,30,35,34,33,28,25,25,26,0,16,0,0,0,10,6,4,10,16,-13,85,87,116,110,70,-35,6,11,17,15,14,13,12,0,0,0,0,0,0,0,0,0,0,-47,0,0,55,33,33,13,0,0,15,0,0,0,17,0,0,0,0,0,0,0,0,0]} 1. c4 Nf6 2. Nc3 e6 {[%cal Be7e6,Be6d5][%mdl 32]} 3. e4 d5 4. cxd5 exd5 5. e5 Ne4 6. Nf3 Bf5 {A18: English Opening: Flohr-Mikenas System (1 c4 Nf6 2 Nc3 e6 3 e4)} 7. d3 Nxc3 8. bxc3 c5 9. d4 Nc6 (9... Qa5 10. Bd2 Nc6 11. Be2 Be7 12. O-O O-O 13. a4 Rac8 14. Ra2 {½-½ (37) Nakamura,H (2769)-Ding,L (2791) Stavanger 2018}) 10. Bd3 {LiveBook: 5 Games} Qd7 11. O-O Bxd3 $146 ({Predecessor:} 11... cxd4 12. Bxf5 Qxf5 13. Nxd4 Nxd4 14. cxd4 {1-0 (40) Sadzikowski,D (2590)-Gaehwiler,G (2427) Germany 2018}) 12. Qxd3 cxd4 13. cxd4 Be7 14. Bg5 O-O 15. Rae1 {[%cal Ba1e1,Be1e3,Be3c3][%mdl 32]} Rfe8 16. Re3 Rac8 17. Bxe7 Qxe7 18. g3 Nb4 19. Qb3 Rc4 20. Rb1 b6 {[#]} (20... Rec8 $11 {keeps the balance.}) 21. Rc3 $1 $16 {[%cal Rc3c4]} Rec8 {[#]} 22. Rbc1 $1 b5 23. a3 ({Better is} 23. Nd2 $1 $14) 23... Na6 24. Nd2 Rxc3 25. Rxc3 Rxc3 26. Qxc3 Qc7 27. Qb2 Qc6 28. Nf1 g6 29. Ne3 h5 30. f4 Nc7 31. f5 a5 32. g4 h4 33. Qd2 Qb6 ({Black should play} 33... b4 $11) 34. Nc2 $1 $14 Qc6 35. Kg2 Qc4 {The position is equal.} 36. Kh3 gxf5 37. Ne3 fxg4+ 38. Kxh4 Qc6 {And now ...Qh6+ would win.} 39. Nxg4 Qg6 40. Nf6+ Kg7 41. Nh5+ Kg8 42. Nf6+ Kg7 43. Nh5+ {Precision: White = 56%, Black = 56%.} 1/2-1/2

[Event "2nd Hersonissos Open 2018"]
[Site "Hersonissos"]
[Date "2018.06.22"]
[Round "7"]
[White "Hommeles, Theo"]
[Black "Umbetov, Kazybek"]
[Result "1-0"]
[WhiteElo "2361"]
[BlackElo "2001"]
[Annotator "NA"]
[PlyCount "73"]
[EventDate "2018.06.16"]
[EventType "swiss"]
[EventCountry "GRE"]
[SourceTitle "playchess.com"]
[Source "ChessBase"]
[SourceQuality "1"]
[TimeControl "5400+30"]

1. e4 {[%emt 0:00:00]} c5 {[%emt 0:01:01]} 2. Nf3 {[%emt 0:00:00]} d6 {[%emt 0:00:03]} 3. d4 {[%emt 0:00:00]} cxd4 {[%emt 0:00:04]} 4. Nxd4 {[%emt 0:00:00]} Nf6 {[%emt 0:00:04]} 5. Nc3 {[%emt 0:00:00]} a6 {[%emt 0:00:07]} 6. Be2 {[%emt 0:00:50]} e5 {[%emt 0:00:39]} 7. Nb3 {[%emt 0:00:10]} Be7 {[%emt 0:00:14]} 8. g4 {[%emt 0:00:27]} O-O {[%emt 0:01:03]} 9. g5 {[%emt 0:01:19]} Ne8 {[%emt 0:00:17]} 10. Nd5 {[%emt 0:02:11]} Be6 {[%emt 0:01:49]} 11. Rg1 {[%emt 0:12:52]} Nd7 {[%emt 0:01:23]} 12. Be3 {[%emt 0:07:57]} Rc8 {[%emt 0:00:54]} 13. h4 {[%emt 0:06:08]} Nc7 {[%emt 0:04:50]} 14. c4 {[%emt 0:05:43]} b5 {[%emt 0:03:56]} 15. Rc1 {[%emt 0:06:56]} bxc4 {[%emt 0:02:49]} 16. Bxc4 {[%emt 0:01:06]} Nxd5 {[%emt 0:02:24]} 17. Bxd5 {[%emt 0:07:33]} Rxc1 {[%emt 0:01:48]} 18. Qxc1 {[%emt 0:04:21]} Bxd5 {[%emt 0:09:40]} 19. exd5 {[%emt 0:00:06]} f5 {[%emt 0:04:37]} 20. Qc6 {[%emt 0:05:45]} f4 {[%emt 0:05:16]} 21. Bd2 {[%emt 0:00:01]} e4 {[%emt 0:00:35]} 22. Bc3 {[%emt 0:00:08]} e3 {[%emt 0:04:46]} 23. f3 {[%emt 0:08:47]} Qe8 {[%emt 0:02:39]} 24. Ke2 {[%emt 0:00:15]} Ne5 {[%emt 0:16:39]} 25. Qxe8 {[%emt 0:03:52]} Rxe8 {[%emt 0:00:01]} 26. Nd4 {[%emt 0:00:19]} Rc8 {[%emt 0:03:29]} 27. Ne6 {[%emt 0:10:14]} Rc4 {[%emt 0:00:01]} 28. Rd1 {[%emt 0:00:09]} h5 {[%emt 0:02:44]} 29. Bxe5 {[%emt 0:03:08]} dxe5 {[%emt 0:00:02]} 30. d6 {[%emt 0:00:07]} Kf7 {[%emt 0:00:31]} 31. dxe7 {[%emt 0:00:26]} Kxe7 {[%emt 0:01:03]} 32. Nxg7 {[%emt 0:00:10]} e4 {[%emt 0:04:18]} 33. fxe4 {[%emt 0:00:28]} Rc2+ {[%emt 0:00:11]} 34. Kd3 {[%emt 0:00:52]} Rxb2 {[%emt 0:00:00]} 35. Nxh5 {[%emt 0:01:19]} e2 {[%emt 0:00:05]} 36. Re1 {[%emt 0:00:03]} f3 {[%emt 0:00:04]} 37. Ke3 {[%emt 0:00:04]} 1-0

[Event "2nd Hersonissos Open 2018"]
[Site "Hersonissos"]
[Date "2018.06.22"]
[Round "7"]
[White "Risting, Eivind Olav"]
[Black "Lobersli, Henrik Oie"]
[Result "1-0"]
[WhiteElo "2301"]
[BlackElo "2134"]
[Annotator "NA"]
[PlyCount "65"]
[EventDate "2018.06.16"]
[EventType "swiss"]
[EventCountry "GRE"]
[SourceTitle "playchess.com"]
[Source "ChessBase"]
[SourceQuality "1"]
[TimeControl "5400+30"]

1. Nf3 {[%emt 0:00:00]} Nf6 {[%emt 0:01:07]} 2. g3 {[%emt 0:00:27]} g6 {[%emt 0:02:18]} 3. b3 {[%emt 0:03:14]} d5 {[%emt 0:03:20]} 4. Bb2 {[%emt 0:00:21]} Bg7 {[%emt 0:00:24]} 5. c4 {[%emt 0:00:12]} c6 {[%emt 0:01:43]} 6. Bg2 {[%emt 0:00:09]} O-O {[%emt 0:00:31]} 7. O-O {[%emt 0:00:26]} Bg4 {[%emt 0:07:06]} 8. d4 {[%emt 0:04:23]} Nbd7 {[%emt 0:08:34]} 9. Nbd2 {[%emt 0:01:19]} Bxf3 {[%emt 0:08:08]} 10. Bxf3 {[%emt 0:01:38]} Re8 {[%emt 0:00:26]} 11. Qc2 {[%emt 0:06:07]} e5 {[%emt 0:04:22]} 12. dxe5 Nxe5 {[%emt 0:00:21]} 13. Bg2 {[%emt 0:43:15]} Qe7 {[%emt 0:11:07]} 14. e3 {[%emt 0:01:30]} Rad8 {[%emt 0:00:54]} 15. Rad1 {[%emt 0:05:09]} h5 {[%emt 0:05:33]} 16. Bd4 {[%emt 0:02:13]} b6 {[%emt 0:08:55]} 17. cxd5 {[%emt 0:03:52]} Nxd5 {[%emt 0:07:33]} 18. Bxe5 {[%emt 0:08:38]} Bxe5 {[%emt 0:01:51]} 19. Bxd5 {[%emt 0:03:18]} Rxd5 {[%emt 0:01:41]} 20. Nf3 {[%emt 0:04:17]} Rxd1 {[%emt 0:02:43]} 21. Rxd1 {[%emt 0:00:21]} c5 {[%emt 0:00:17]} 22. Qe4 {[%emt 0:01:06]} Bf6 {[%emt 0:01:58]} 23. Qf4 {[%emt 0:02:54]} Rd8 {[%emt 0:03:02]} 24. Rxd8+ {[%emt 0:00:10]} Qxd8 {[%emt 0:00:01]} 25. h4 {[%emt 0:00:56]} Kg7 {[%emt 0:02:25]} 26. e4 {[%emt 0:00:26]} Bb2 {[%emt 0:02:23]} 27. Kg2 {[%emt 0:01:10]} b5 {[%emt 0:01:56]} 28. Qe3 {[%emt 0:05:25]} Qd6 {[%emt 0:02:20]} 29. Qe2 {[%emt 0:00:18]} Ba3 {[%emt 0:08:10]} 30. Qxb5 {[%emt 0:00:03]} Qd1 {[%emt 0:00:08]} 31. Qa6 {[%emt 0:00:43]} Bb2 {[%emt 0:03:22]} 32. Qxa7 {[%emt 0:00:10]} Bd4 {[%emt 0:00:10]} 33. Ng5 {[%emt 0:00:22]} 1-0

[Event "2nd Hersonissos Open 2018"]
[Site "Hersonissos"]
[Date "2018.06.22"]
[Round "7"]
[White "Ranaldi, Lucas"]
[Black "Haug, Johannes"]
[Result "1/2-1/2"]
[WhiteElo "2283"]
[BlackElo "2401"]
[Annotator "NA"]
[PlyCount "34"]
[EventDate "2018.06.16"]
[EventType "swiss"]
[EventCountry "GRE"]
[SourceTitle "playchess.com"]
[Source "ChessBase"]
[SourceQuality "1"]
[TimeControl "5400+30"]

1. c4 {[%emt 0:00:00]} e6 {[%emt 0:05:39]} 2. Nc3 {[%emt 0:00:00]} d5 {[%emt 0:00:12]} 3. d4 {[%emt 0:00:04]} Bb4 {[%emt 0:00:09]} 4. e3 {[%emt 0:00:10]} Nf6 {[%emt 0:01:08]} 5. a3 {[%emt 0:00:10]} Be7 {[%emt 0:08:32]} 6. Nf3 {[%emt 0:01:38]} O-O {[%emt 0:01:39]} 7. Qc2 {[%emt 0:05:00]} b6 {[%emt 0:04:12]} 8. cxd5 {[%emt 0:02:18]} exd5 {[%emt 0:00:37]} 9. b4 {[%emt 0:08:00]} Bb7 {[%emt 0:03:16]} 10. Be2 {[%emt 0:04:03]} Nbd7 {[%emt 0:04:24]} 11. O-O {[%emt 0:01:44]} a6 {[%emt 0:04:01]} 12. Qb3 {[%emt 0:10:12]} Rb8 {[%emt 0:16:42]} 13. Rd1 {[%emt 0:04:09]} Bd6 {[%emt 0:09:34]} 14. a4 {[%emt 0:10:54]} c5 {[%emt 0:04:02]} 15. bxc5 {[%emt 0:03:33]} bxc5 {[%emt 0:00:14]} 16. dxc5 {[%emt 0:00:43]} Nxc5 {[%emt 0:02:46]} 17. Qa2 {[%emt 0:02:25]} Qc7 {[%emt 0:03:14]} 1/2-1/2

[Event "2nd Hersonissos Open 2018"]
[Site "Hersonissos"]
[Date "2018.06.22"]
[Round "7"]
[White "Djingarova, Emilia"]
[Black "Maris, Ioannis"]
[Result "1-0"]
[WhiteElo "2218"]
[BlackElo "1915"]
[Annotator "NA"]
[PlyCount "77"]
[EventDate "2018.06.16"]
[EventType "swiss"]
[EventCountry "GRE"]
[SourceTitle "playchess.com"]
[Source "ChessBase"]
[SourceQuality "1"]
[TimeControl "5400+30"]

1. e4 {[%emt 0:07:30]} d6 {[%emt 0:01:10]} 2. d4 {[%emt 0:00:19]} Nf6 {[%emt 0:00:16]} 3. Bd3 {[%emt 0:01:48]} e5 {[%emt 0:01:34]} 4. dxe5 {[%emt 0:02:55]} dxe5 {[%emt 0:00:03]} 5. Nf3 {[%emt 0:00:08]} Nbd7 {[%emt 0:04:24]} 6. O-O {[%emt 0:01:02]} Be7 {[%emt 0:00:13]} 7. Nbd2 {[%emt 0:02:51]} c6 {[%emt 0:01:28]} 8. Nc4 {[%emt 0:00:52]} Qc7 {[%emt 0:00:02]} 9. a4 {[%emt 0:00:10]} O-O {[%emt 0:04:26]} 10. Bd2 {[%emt 0:05:14]} Ne8 {[%emt 0:00:46]} 11. Bc3 {[%emt 0:02:31]} f6 {[%emt 0:00:06]} 12. b4 {[%emt 0:01:13]} Nd6 {[%emt 0:03:58]} 13. Nxd6 {[%emt 0:14:11]} Bxd6 {[%emt 0:00:12]} 14. Bc4+ {[%emt 0:01:05]} Kh8 {[%emt 0:00:02]} 15. Nh4 {[%emt 0:00:32]} g6 {[%emt 0:03:01]} 16. Qd2 {[%emt 0:06:03]} Nb6 {[%emt 0:04:47]} 17. Bb3 {[%emt 0:00:34]} Kg7 {[%emt 0:03:39]} 18. a5 {[%emt 0:01:11]} Nd7 {[%emt 0:02:10]} 19. Bb2 {[%emt 0:01:07]} Nb8 {[%emt 0:00:58]} 20. Rad1 {[%emt 0:04:18]} Rd8 {[%emt 0:01:37]} 21. Bc1 {[%emt 0:07:51]} g5 {[%emt 0:00:07]} 22. Nf5+ {[%emt 0:03:45]} Bxf5 {[%emt 0:00:04]} 23. exf5 {[%emt 0:00:03]} Na6 {[%emt 0:00:41]} 24. Qe2 {[%emt 0:00:46]} Bxb4 {[%emt 0:18:36]} 25. h4 {[%emt 0:03:03]} gxh4 {[%emt 0:08:07]} 26. Qh5 {[%emt 0:05:31]} Kh8 {[%emt 0:01:05]} 27. Qxh4 {[%emt 0:03:09]} Qe7 {[%emt 0:04:11]} 28. Bb2 {[%emt 0:07:24]} Bxa5 {[%emt 0:08:59]} 29. f4 {[%emt 0:00:42]} Bb6+ {[%emt 0:01:54]} 30. Kh1 {[%emt 0:00:13]} Bd4 {[%emt 0:00:02]} 31. c3 {[%emt 0:07:03]} Bc5 {[%emt 0:09:31]} 32. fxe5 {[%emt 0:00:40]} Rxd1 {[%emt 0:01:00]} 33. Rxd1 {[%emt 0:00:12]} Qxe5 {[%emt 0:12:51]} 34. Be6 {[%emt 0:00:27]} Be7 {[%emt 0:02:47]} 35. Re1 {[%emt 0:03:18]} Qc7 {[%emt 0:00:26]} 36. c4 {[%emt 0:00:26]} Rf8 {[%emt 0:00:02]} 37. Re3 {[%emt 0:02:20]} Bd8 {[%emt 0:00:53]} 38. Rg3 {[%emt 0:00:34]} Qe7 {[%emt 0:00:53]} 39. Qg5 {[%emt 0:01:38]} 1-0

[Event "2nd Hersonissos Open 2018"]
[Site "Hersonissos"]
[Date "2018.06.22"]
[Round "7"]
[White "Sielicki, Tomasz"]
[Black "Spirou, Gerasimos"]
[Result "1-0"]
[WhiteElo "1963"]
[BlackElo "1716"]
[Annotator "NA"]
[PlyCount "43"]
[EventDate "2018.06.16"]
[EventType "swiss"]
[EventCountry "GRE"]
[SourceTitle "playchess.com"]
[Source "ChessBase"]
[SourceQuality "1"]
[TimeControl "5400+30"]

1. d4 {[%emt 0:00:00]} Nf6 {[%emt 0:03:48]} 2. Bg5 {[%emt 0:00:00]} d5 {[%emt 0:02:01]} 3. e3 {[%emt 0:01:34]} e6 {[%emt 0:06:14]} 4. Nf3 {[%emt 0:01:04]} Bd6 {[%emt 0:01:12]} 5. Bd3 {[%emt 0:04:43]} O-O {[%emt 0:00:29]} 6. Nbd2 {[%emt 0:01:57]} Nbd7 {[%emt 0:00:21]} 7. c4 {[%emt 0:04:14]} c5 {[%emt 0:00:15]} 8. O-O {[%emt 0:01:28]} b6 {[%emt 0:00:36]} 9. e4 {[%emt 0:03:54]} e5 {[%emt 0:01:35]} 10. exd5 {[%emt 0:03:52]} exd4 {[%emt 0:02:09]} 11. Ne4 {[%emt 0:02:13]} Qc7 {[%emt 0:01:23]} 12. Nxf6+ {[%emt 0:04:27]} Nxf6 {[%emt 0:00:08]} 13. Bxf6 {[%emt 0:00:32]} gxf6 {[%emt 0:00:06]} 14. h3 {[%emt 0:09:16]} Kh8 {[%emt 0:06:42]} 15. Nh4 {[%emt 0:05:11]} Rg8 {[%emt 0:05:06]} 16. Qf3 {[%emt 0:05:29]} Be5 {[%emt 0:00:48]} 17. Rae1 {[%emt 0:04:52]} Bd7 {[%emt 0:03:49]} 18. d6 {[%emt 0:14:43]} Qc8 {[%emt 0:05:10]} 19. Nf5 {[%emt 0:02:43]} Bc6 {[%emt 0:01:29]} 20. Be4 {[%emt 0:00:11]} Bxe4 {[%emt 0:00:41]} 21. Rxe4 {[%emt 0:02:19]} Qe6 {[%emt 0:06:37]} 22. Rh4 {[%emt 0:00:54]} 1-0

[Event "2nd Hersonissos Open 2018"]
[Site "Hersonissos"]
[Date "2018.06.22"]
[Round "7"]
[White "Kadianis, Georgios"]
[Black "Adair, James R"]
[Result "0-1"]
[WhiteElo "1917"]
[BlackElo "2485"]
[Annotator "TA"]
[PlyCount "138"]
[EventDate "2018.06.16"]
[EventType "swiss"]
[EventCountry "GRE"]
[SourceTitle "playchess.com"]
[Source "ChessBase"]
[SourceQuality "1"]

{[%evp 30,138,0,0,0,0,0,0,0,0,0,0,18,0,0,-22,-31,-33,-33,-37,-22,-44,-14,-20,-3,0,0,-20,-35,-25,-47,-52,-36,-106,0,-80,-85,-85,-85,-85,-85,-90,-70,-70,-70,-70,-70,-70,-70,-70,-70,-93,-76,-112,-124,-199,-197,-199,-199,-196,-189,-189,-188,-179,-10,-10,-23,-704,-691,-2012,-1731,-1196,-588,-5081,-3717,-29959,-29958,-29961,-29961,-29969,-29970,-29968,-29967,-29971,-29969,-29969,-29970,-29974,-29975,-29975,-29972,-29971,-29973,-29973,-29975,-29975,-29976,-29975,-29973,-29975,-29976,-29977,-29980,-29980,-29980,-29980,-29981,-29981,-29982,-29982,-29981]} 1. e4 c5 2. Nf3 d6 3. d4 cxd4 4. Nxd4 Nf6 5. Nc3 a6 6. f3 e5 7. Nb3 Be6 8. Be3 Be7 9. Qd2 O-O 10. O-O-O Nbd7 11. g4 {[%cal Bg2g4,Bg4g5][%mdl 32]} b5 12. Kb1 {B90: Sicilian Najdorf: Unusual White 6th moves, 6 Be3 Ng4 and 6 Be3 e5} (12. g5 b4 13. Na4 Nh5 14. Qxb4 Bxg5 15. Bxg5 Qxg5+ 16. Kb1 Qf6 17. Qxd6 Qxf3 18. Rg1 Qe3 19. Bxa6 Nhf6 20. Rge1 Qa7 {1-0 (43) Yu,Y (2760)-Duda,J (2724) Liaocheng 2018}) 12... Nb6 13. g5 Nh5 {[%cal Bf6h5,Bh5g3,Bg3f1][%mdl 32]} 14. Nd5 Nxd5 15. exd5 Bf5 16. Na5 {LiveBook: 8 Games} f6 {[%cal Rf6g5]} 17. Nc6 Qd7 18. h4 Ng3 19. Rg1 Nxf1 20. Rdxf1 fxg5 21. hxg5 Bg6 $146 22. f4 exf4 23. Rxf4 Rxf4 24. Bxf4 Bf8 25. Nd4 Qf7 26. Ne6 Rc8 27. Rc1 Be7 28. Ka1 Bf5 29. Qe3 Bxe6 30. dxe6 Qf5 {White must now prevent ...Rf8.} 31. Re1 ({White should play} 31. Kb1 $15) 31... Rxc2 (31... Rf8 $1 $17 32. Bg3 Qg4) 32. Bxd6 (32. a3 $1 $11) 32... Bxd6 $17 33. e7 {[#]} Bxe7 $1 34. Qxe7 {[%mdl 4096] Endgame KQR-KQR} Rc8 35. a3 a5 36. Rd1 Rf8 37. Rd8 Qf1+ $1 38. Ka2 Qf7+ 39. Qxf7+ Kxf7 $15 {KR-KR} 40. Rd5 Rb8 41. Rd6 a4 $1 42. b3 {[#]} (42. b4 $17 {is a better defense.}) 42... Re8 $1 $19 43. Rd5 Re2+ 44. Kb1 {[#]} Re3 $1 {[%cal Re3b3]} ({Much less strong is} 44... axb3 45. Rxb5 Kg6 46. Kc1 $17) 45. b4 Rxa3 {Strongly threatening ...Rb3+.} 46. Rxb5 Kg6 $2 (46... Rb3+ $19 47. Kc2 Kg6) 47. Kb2 $1 $11 {[%cal Rb2a3]} Rb3+ 48. Kc2 $2 {[%mdl 8192]} (48. Ka2 $11) 48... h5 $19 49. gxh6 Kxh6 50. Rb8 g5 {[%cal Bg7g5,Bg5g4][%mdl 32]} 51. b5 Kh5 52. Kd2 Kh4 {Black mates.} 53. Ke2 Kg3 54. Kf1 g4 55. b6 a3 56. Ra8 Rb1+ 57. Ke2 Rxb6 58. Rxa3+ Kg2 59. Ke3 Rf6 60. Ra2+ Kh3 61. Ra8 g3 62. Rh8+ Kg2 63. Rg8 Kh2 64. Rh8+ Kg1 65. Rg8 g2 66. Ke2 Re6+ 67. Kd2 Rh6 68. Ke2 Kh1 69. Kf2 Rf6+ {Precision: White = 41%, Black = 85%.} 0-1